[Event "95th Caplin Hastings Congress"]
[Site "Hastings"]
[Date "2020.01.03"]
[Round "7.29"]
[White "Thompson, Ian D"]
[Black "Fryer, David W"]
[Result "1-0"]
[WhiteElo "2141"]
[BlackElo "1913"]
[Annotator "NA"]
[PlyCount "71"]
[EventDate "2019.12.28"]
[EventType "swiss"]
[EventCountry "ENG"]
[SourceTitle "playchess.com"]
[Source "ChessBase"]
[SourceQuality "1"]
[TimeControl "40/6600+30:3000+30"]

1. c4 {[%emt 0:09:34]} Nf6 {[%emt 0:09:51]} 2. Nc3 {[%emt 0:00:14]} d6 {[%emt 0:00:19]} 3. g3 {[%emt 0:00:24]} Nbd7 {[%emt 0:00:21]} 4. Bg2 {[%emt 0:00:28]} c6 {[%emt 0:00:27]} 5. d4 {[%emt 0:05:46]} e5 {[%emt 0:01:07]} 6. Nf3 {[%emt 0:02:27]} Be7 {[%emt 0:01:41]} 7. O-O {[%emt 0:02:26]} h6 {[%emt 0:04:18]} 8. Qc2 {[%emt 0:03:24]} exd4 {[%emt 0:02:03]} 9. Nxd4 {[%emt 0:00:12]} Ne5 {[%emt 0:01:46]} 10. b3 {[%emt 0:00:57]} Qc7 {[%emt 0:08:05]} 11. Bb2 {[%emt 0:01:48]} Rg8 {[%emt 0:08:27]} 12. a4 {[%emt 0:31:41]} a5 {[%emt 0:02:07]} 13. f4 {[%emt 0:05:39]} Ng6 {[%emt 0:07:19]} 14. e4 {[%emt 0:02:47]} Bd7 {[%emt 0:03:08]} 15. Nce2 {[%emt 0:01:25]} Nf8 {[%emt 0:07:23]} 16. Bc3 {[%emt 0:03:41]} Rc8 {[%emt 0:07:12]} 17. Qd2 {[%emt 0:02:31]} b6 {[%emt 0:00:48]} 18. Rae1 {[%emt 0:03:04]} g5 {[%emt 0:04:26]} 19. fxg5 {[%emt 0:03:16]} hxg5 {[%emt 0:02:04]} 20. Nc2 {[%emt 0:04:05]} N6h7 {[%emt 0:03:16]} 21. Ned4 {[%emt 0:01:53]} Ng6 {[%emt 0:10:50]} 22. Ne3 {[%emt 0:00:31]} g4 {[%emt 0:01:58]} 23. Ndf5 {[%emt 0:03:11]} Ne5 {[%emt 0:05:44]} 24. Nh6 {[%emt 0:06:21]} Rg6 {[%emt 0:02:30]} 25. Nhf5 {[%emt 0:02:53]} Bf8 {[%emt 0:03:27]} 26. Rd1 {[%emt 0:02:35]} Ng5 {[%emt 0:01:21]} 27. Bxe5 {[%emt 0:02:09]} dxe5 {[%emt 0:01:16]} 28. Nxg4 {[%emt 0:00:26]} Nxe4 {[%emt 0:04:08]} 29. Bxe4 {[%emt 0:00:45]} Rxg4 {[%emt 0:00:18]} 30. Qe2 {[%emt 0:00:50]} Rg8 {[%emt 0:01:27]} 31. Qf3 {[%emt 0:00:57]} Be6 {[%emt 0:02:29]} 32. Rd3 {[%emt 0:00:32]} b5 {[%emt 0:09:07]} 33. Rfd1 {[%emt 0:02:06]} bxc4 {[%emt 0:01:22]} 34. Bxc6+ {[%emt 0:00:48]} Qxc6 {[%emt 0:01:14]} 35. Qxc6+ {[%emt 0:00:23]} Rxc6 {[%emt 0:00:38]} 36. Rd8# {[%emt 0:00:25]} 1-0

[Event "95th Caplin Hastings Congress"]
[Site "Hastings"]
[Date "2020.01.03"]
[Round "7.30"]
[White "Burrows, Nick"]
[Black "De Boer, Bas"]
[Result "0-1"]
[WhiteElo "1952"]
[BlackElo "2140"]
[Annotator "NA"]
[PlyCount "108"]
[EventDate "2019.12.28"]
[EventType "swiss"]
[EventCountry "ENG"]
[SourceTitle "playchess.com"]
[Source "ChessBase"]
[SourceQuality "1"]
[TimeControl "40/6600+30:3000+30"]

1. d4 {[%emt 0:09:38]} d5 {[%emt 0:09:35]} 2. c4 {[%emt 0:00:12]} e6 {[%emt 0:00:05]} 3. cxd5 {[%emt 0:00:13]} exd5 {[%emt 0:00:09]} 4. Nc3 {[%emt 0:00:11]} c6 {[%emt 0:01:08]} 5. Qc2 {[%emt 0:00:31]} Nf6 {[%emt 0:01:34]} 6. Bg5 {[%emt 0:00:23]} Nbd7 {[%emt 0:01:34]} 7. e3 {[%emt 0:00:39]} Qa5 {[%emt 0:02:30]} 8. Bd3 {[%emt 0:03:27]} Bb4 {[%emt 0:02:23]} 9. Nge2 {[%emt 0:02:18]} h6 {[%emt 0:02:10]} 10. Bh4 {[%emt 0:07:48]} O-O {[%emt 0:00:18]} 11. O-O {[%emt 0:01:00]} Re8 {[%emt 0:01:40]} 12. a3 {[%emt 0:00:57]} Bf8 {[%emt 0:00:09]} 13. Rac1 {[%emt 0:09:18]} g5 {[%emt 0:03:01]} 14. Bg3 {[%emt 0:00:46]} Bg7 {[%emt 0:00:24]} 15. Na4 {[%emt 0:06:48]} Qd8 {[%emt 0:10:50]} 16. b4 {[%emt 0:01:37]} Qe7 {[%emt 0:02:22]} 17. Nc5 {[%emt 0:05:10]} Ne4 {[%emt 0:02:02]} 18. Bxe4 {[%emt 0:07:41]} dxe4 {[%emt 0:00:17]} 19. Nc3 {[%emt 0:01:06]} f5 {[%emt 0:02:53]} 20. Rfd1 {[%emt 0:08:46]} Qf7 {[%emt 0:07:41]} 21. Qd2 {[%emt 0:13:07]} Nb6 {[%emt 0:02:14]} 22. b5 {[%emt 0:03:55]} Nc4 {[%emt 0:02:53]} 23. Qa2 {[%emt 0:04:57]} b6 {[%emt 0:03:58]} 24. bxc6 {[%emt 0:09:56]} bxc5 {[%emt 0:01:25]} 25. Nb5 {[%emt 0:02:26]} f4 {[%emt 0:12:21]} 26. exf4 {[%emt 0:04:37]} gxf4 {[%emt 0:00:13]} 27. Bxf4 {[%emt 0:01:07]} Qxf4 {[%emt 0:01:12]} 28. Qxc4+ {[%emt 0:00:30]} Be6 {[%emt 0:01:19]} 29. d5 {[%emt 0:00:22]} Bg4 {[%emt 0:05:00]} 30. d6+ {[%emt 0:00:48]} Kh8 {[%emt 0:03:49]} 31. Nc7 {[%emt 0:02:06]} Be5 {[%emt 0:02:45]} 32. g3 {[%emt 0:01:02]} Qf3 {[%emt 0:00:12]} 33. Qf1 {[%emt 0:01:30]} e3 {[%emt 0:00:31]} 34. fxe3 {[%emt 0:02:19]} Qxe3+ {[%emt 0:00:08]} 35. Qf2 {[%emt 0:00:23]} Qxf2+ {[%emt 0:00:47]} 36. Kxf2 {[%emt 0:00:01]} Rf8+ {[%emt 0:02:03]} 37. Kg1 {[%emt 0:02:23]} Rab8 {[%emt 0:00:53]} 38. Na6 {[%emt 0:02:53]} Rbd8 {[%emt 0:11:39]} 39. d7 {[%emt 0:02:21]} Bd4+ {[%emt 0:00:11]} 40. Rxd4 {[%emt 0:01:04]} cxd4 {[%emt 0:00:07]} 41. Nc5 {[%emt 0:34:45]} d3 {[%emt 0:02:21]} 42. Nxd3 {[%emt 0:00:21]} Bxd7 {[%emt 0:00:06]} 43. cxd7 {[%emt 0:00:57]} Rxd7 {[%emt 0:00:07]} 44. Nf4 {[%emt 0:02:58]} Rd6 {[%emt 0:00:10]} 45. Rc7 {[%emt 0:01:02]} Ra6 {[%emt 0:00:13]} 46. Kg2 {[%emt 0:01:34]} Rf5 {[%emt 0:01:03]} 47. h4 {[%emt 0:01:01]} Kg8 {[%emt 0:02:08]} 48. h5 {[%emt 0:01:39]} Rxa3 {[%emt 0:05:42]} 49. Rc6 {[%emt 0:02:00]} Rg5 {[%emt 0:01:11]} 50. Rc8+ {[%emt 0:00:50]} Kh7 {[%emt 0:04:37]} 51. Kh2 {[%emt 0:02:35]} Rgxg3 {[%emt 0:00:50]} 52. Rc7+ {[%emt 0:02:38]} Rg7 {[%emt 0:00:23]} 53. Rc6 {[%emt 0:00:48]} Rb7 {[%emt 0:01:15]} 54. Rc2 {[%emt 0:00:36]} Rab3 {[%emt 0:00:55]} 0-1

[Event "95th Caplin Hastings Congress"]
[Site "Hastings"]
[Date "2020.01.03"]
[Round "7.31"]
[White "Unnikrishnan, Midhun P"]
[Black "Jennings, Richard"]
[Result "1-0"]
[WhiteElo "2135"]
[BlackElo "1903"]
[Annotator "NA"]
[PlyCount "49"]
[EventDate "2019.12.28"]
[EventType "swiss"]
[EventCountry "ENG"]
[SourceTitle "playchess.com"]
[Source "ChessBase"]
[SourceQuality "1"]
[TimeControl "40/6600+30:3000+30"]

1. Nf3 {[%emt 0:09:33]} d6 {[%emt 0:09:46]} 2. d4 {[%emt 0:00:10]} Nf6 {[%emt 0:00:09]} 3. Nc3 {[%emt 0:02:09]} Nbd7 {[%emt 0:01:13]} 4. e4 {[%emt 0:01:00]} e5 {[%emt 0:00:25]} 5. Bc4 {[%emt 0:02:29]} Be7 {[%emt 0:00:15]} 6. O-O {[%emt 0:06:33]} O-O {[%emt 0:00:22]} 7. h3 {[%emt 0:00:19]} c6 {[%emt 0:03:52]} 8. a4 {[%emt 0:00:35]} b6 {[%emt 0:01:45]} 9. Qe2 {[%emt 0:01:39]} Bb7 {[%emt 0:00:55]} 10. dxe5 {[%emt 0:02:53]} dxe5 {[%emt 0:00:30]} 11. Rd1 {[%emt 0:00:50]} Qc7 {[%emt 0:00:29]} 12. Bg5 {[%emt 0:03:12]} a6 {[%emt 0:02:38]} 13. Nh4 {[%emt 0:13:28]} g6 {[%emt 0:08:21]} 14. Bh6 {[%emt 0:09:29]} Rfe8 {[%emt 0:14:34]} 15. Bxf7+ {[%emt 0:00:25]} Kh8 {[%emt 0:07:51]} 16. Bxe8 {[%emt 0:00:12]} Rxe8 {[%emt 0:00:53]} 17. Qc4 {[%emt 0:02:17]} Nh5 {[%emt 0:12:32]} 18. Qf7 {[%emt 0:04:28]} Qc8 {[%emt 0:02:28]} 19. g4 {[%emt 0:01:39]} Ndf6 {[%emt 0:01:27]} 20. gxh5 {[%emt 0:01:37]} Nxh5 {[%emt 0:00:32]} 21. Ng2 {[%emt 0:00:53]} c5 {[%emt 0:02:55]} 22. Nd5 {[%emt 0:04:42]} Bf8 {[%emt 0:04:27]} 23. Nxb6 {[%emt 0:03:04]} Qe6 {[%emt 0:06:25]} 24. Qxe6 {[%emt 0:00:16]} Rxe6 {[%emt 0:00:09]} 25. Rd8 {[%emt 0:00:05]} 1-0

[Event "95th Caplin Hastings Congress"]
[Site "Hastings"]
[Date "2020.01.03"]
[Round "7.32"]
[White "Barton, R Alan"]
[Black "Ryzhkov, Vjacheslav"]
[Result "0-1"]
[WhiteElo "1945"]
[BlackElo "2134"]
[Annotator "NA"]
[PlyCount "142"]
[EventDate "2019.12.28"]
[EventType "swiss"]
[EventCountry "ENG"]
[SourceTitle "playchess.com"]
[Source "ChessBase"]
[SourceQuality "1"]
[TimeControl "40/6600+30:3000+30"]

1. Nf3 {[%emt 0:09:59]} f5 {[%emt 0:10:03]} 2. d4 {[%emt 0:05:40]} Nf6 {[%emt 0:00:48]} 3. e3 {[%emt 0:02:53]} e6 {[%emt 0:00:44]} 4. Bd3 {[%emt 0:00:22]} b6 {[%emt 0:00:24]} 5. O-O {[%emt 0:01:49]} Bb7 {[%emt 0:00:10]} 6. c4 {[%emt 0:00:33]} Ne4 {[%emt 0:00:44]} 7. b3 {[%emt 0:03:39]} a5 {[%emt 0:06:40]} 8. a3 {[%emt 0:01:43]} Bd6 {[%emt 0:00:42]} 9. Bb2 {[%emt 0:08:13]} O-O {[%emt 0:01:16]} 10. Nc3 {[%emt 0:05:47]} Ng5 {[%emt 0:12:30]} 11. d5 {[%emt 0:11:21]} Na6 {[%emt 0:05:44]} 12. Nxg5 {[%emt 0:04:07]} Qxg5 {[%emt 0:00:31]} 13. f4 {[%emt 0:00:03]} Qe7 {[%emt 0:01:33]} 14. Qf3 {[%emt 0:08:01]} Rae8 {[%emt 0:09:19]} 15. Bc2 {[%emt 0:04:46]} exd5 {[%emt 0:10:10]} 16. Nxd5 {[%emt 0:00:09]} Qe6 {[%emt 0:05:37]} 17. Rfe1 {[%emt 0:08:02]} Nc5 {[%emt 0:06:26]} 18. Rad1 {[%emt 0:03:57]} Qg6 {[%emt 0:07:22]} 19. b4 {[%emt 0:06:04]} axb4 {[%emt 0:00:27]} 20. axb4 {[%emt 0:00:04]} Ne4 {[%emt 0:01:20]} 21. Bxe4 {[%emt 0:04:06]} Rxe4 {[%emt 0:03:37]} 22. Qf1 {[%emt 0:02:23]} Rfe8 {[%emt 0:04:03]} 23. Rd4 {[%emt 0:05:45]} Bxd5 {[%emt 0:01:22]} 24. Rxd5 {[%emt 0:00:57]} Rxe3 {[%emt 0:01:57]} 25. Rxe3 {[%emt 0:02:09]} Rxe3 {[%emt 0:00:11]} 26. c5 {[%emt 0:02:13]} Qe6 {[%emt 0:00:59]} 27. Rd1 {[%emt 0:02:55]} bxc5 {[%emt 0:00:13]} 28. bxc5 {[%emt 0:01:40]} Bxc5 {[%emt 0:00:05]} 29. Kh1 {[%emt 0:00:03]} Bb4 {[%emt 0:01:05]} 30. Be5 {[%emt 0:01:08]} d6 {[%emt 0:01:25]} 31. Qb5 {[%emt 0:01:09]} dxe5 {[%emt 0:05:44]} 32. Qxb4 {[%emt 0:00:33]} exf4 {[%emt 0:01:54]} 33. h3 {[%emt 0:01:44]} Qe7 {[%emt 0:04:31]} 34. Qxf4 {[%emt 0:00:45]} g6 {[%emt 0:02:51]} 35. Qc4+ {[%emt 0:00:39]} Kg7 {[%emt 0:00:16]} 36. Qd4+ {[%emt 0:01:05]} Kh6 {[%emt 0:06:46]} 37. Qf4+ {[%emt 0:02:42]} Kg7 {[%emt 0:00:14]} 38. Qd4+ {[%emt 0:00:26]} Kf7 {[%emt 0:00:07]} 39. Qc4+ {[%emt 0:01:24]} Kf6 {[%emt 0:00:15]} 40. Qc6+ {[%emt 0:03:41]} Kg5 {[%emt 0:01:19]} 41. Qc1 {[%emt 0:53:39]} Kh5 {[%emt 0:54:22]} 42. Rf1 {[%emt 0:00:00]} Qe5 {[%emt 0:00:00]} 43. Qd1+ {[%emt 0:00:00]} Kh6 {[%emt 0:00:00]} 44. Qd8 {[%emt 0:00:00]} c5 {[%emt 0:00:00]} 45. Qf8+ {[%emt 0:00:00]} Kh5 {[%emt 0:00:00]} 46. Qf7 {[%emt 0:00:00]} h6 {[%emt 0:00:00]} 47. Qc4 {[%emt 0:00:00]} Qe4 {[%emt 0:00:00]} 48. Qxc5 {[%emt 0:00:00]} Rxh3+ {[%emt 0:00:00]} 49. Kg1 {[%emt 0:00:00]} Qe3+ {[%emt 0:00:00]} 50. Qxe3 {[%emt 0:00:00]} Rxe3 {[%emt 0:00:00]} 51. Kf2 {[%emt 0:00:00]} Ra3 {[%emt 0:00:00]} 52. Rb1 {[%emt 0:00:00]} Kg4 {[%emt 0:00:00]} 53. Rb6 {[%emt 0:00:00]} Ra2+ {[%emt 0:00:00]} 54. Kf1 {[%emt 0:00:00]} Kg5 {[%emt 0:00:00]} 55. g3 {[%emt 0:00:00]} h5 {[%emt 0:00:00]} 56. Rc6 {[%emt 0:00:00]} Ra4 {[%emt 0:00:00]} 57. Kg2 {[%emt 0:00:00]} h4 {[%emt 0:00:00]} 58. gxh4+ {[%emt 0:00:00]} Rxh4 {[%emt 0:00:00]} 59. Kg3 {[%emt 0:00:00]} Ra4 {[%emt 0:00:00]} 60. Kg2 {[%emt 0:00:00]} Ra3 {[%emt 0:00:00]} 61. Kf2 {[%emt 0:00:00]} f4 {[%emt 0:00:00]} 62. Kg2 {[%emt 0:00:00]} Kf5 {[%emt 0:00:00]} 63. Rc5+ {[%emt 0:00:00]} Kg4 {[%emt 0:00:00]} 64. Rc2 {[%emt 0:00:00]} g5 {[%emt 0:00:00]} 65. Kg1 {[%emt 0:00:00]} Rg3+ {[%emt 0:00:00]} 66. Kh2 {[%emt 0:00:00]} Rh3+ {[%emt 0:00:00]} 67. Kg1 {[%emt 0:00:00]} f3 {[%emt 0:00:00]} 68. Rc4+ {[%emt 0:00:00]} Kg3 {[%emt 0:00:00]} 69. Rc3 {[%emt 0:00:00]} Rh8 {[%emt 0:00:00]} 70. Rc2 {[%emt 0:00:00]} f2+ {[%emt 0:00:00]} 71. Rxf2 {[%emt 0:00:00]} Rh1+ {[%emt 0:00:00]} 0-1

[Event "95th Caplin Hastings Congress"]
[Site "Hastings"]
[Date "2020.01.03"]
[Round "7.33"]
[White "Brown, Thomas"]
[Black "Thatte, Nishchal"]
[Result "1-0"]
[WhiteElo "2116"]
[BlackElo "1832"]
[Annotator "NA"]
[PlyCount "63"]
[EventDate "2019.12.28"]
[EventType "swiss"]
[EventCountry "ENG"]
[SourceTitle "playchess.com"]
[Source "ChessBase"]
[SourceQuality "1"]
[TimeControl "40/6600+30:3000+30"]

1. c4 {[%emt 0:12:40]} e5 {[%emt 0:09:36]} 2. g3 {[%emt 0:00:33]} Nf6 {[%emt 0:00:08]} 3. Bg2 {[%emt 0:00:03]} d5 {[%emt 0:00:07]} 4. cxd5 {[%emt 0:00:03]} Nxd5 {[%emt 0:00:07]} 5. Nc3 {[%emt 0:00:06]} Nb6 {[%emt 0:00:11]} 6. Nf3 {[%emt 0:00:06]} Nc6 {[%emt 0:00:05]} 7. O-O {[%emt 0:00:07]} Be7 {[%emt 0:00:05]} 8. Rb1 {[%emt 0:00:04]} a5 {[%emt 0:09:39]} 9. d3 {[%emt 0:02:25]} Be6 {[%emt 0:01:37]} 10. Be3 {[%emt 0:00:37]} O-O {[%emt 0:00:16]} 11. Rc1 {[%emt 0:06:43]} f5 {[%emt 0:06:17]} 12. Na4 {[%emt 0:08:26]} Nd5 {[%emt 0:23:32]} 13. Bc5 {[%emt 0:04:56]} Bd6 {[%emt 0:00:59]} 14. Qb3 {[%emt 0:14:08]} e4 {[%emt 0:30:43]} 15. dxe4 {[%emt 0:22:07]} fxe4 {[%emt 0:01:29]} 16. Nd2 {[%emt 0:02:16]} Nf4 {[%emt 0:00:32]} 17. Qe3 {[%emt 0:01:06]} Nxg2 {[%emt 0:00:27]} 18. Kxg2 {[%emt 0:00:14]} Ra6 {[%emt 0:19:00]} 19. Nxe4 {[%emt 0:04:42]} Ne5 {[%emt 0:02:29]} 20. Rfd1 {[%emt 0:11:56]} Ng4 {[%emt 0:04:28]} 21. Qg5 {[%emt 0:01:24]} Qe8 {[%emt 0:01:31]} 22. f3 {[%emt 0:02:48]} Rf5 {[%emt 0:03:47]} 23. Qd2 {[%emt 0:13:45]} Qxa4 {[%emt 0:01:20]} 24. b3 {[%emt 0:03:59]} Qe8 {[%emt 0:01:10]} 25. Bxd6 {[%emt 0:01:13]} Rd5 {[%emt 0:02:00]} 26. Qf4 {[%emt 0:00:05]} Nxh2 {[%emt 0:00:52]} 27. Rxd5 {[%emt 0:03:09]} Bxd5 {[%emt 0:00:01]} 28. Rxc7 {[%emt 0:00:52]} Bxe4 {[%emt 0:00:05]} 29. Re7 {[%emt 0:02:38]} Qf8 {[%emt 0:01:01]} 30. Qxe4 {[%emt 0:00:22]} Rxd6 {[%emt 0:00:40]} 31. Re8 {[%emt 0:00:07]} Rh6 {[%emt 0:00:04]} 32. Qd5+ {[%emt 0:00:29]} 1-0

[Event "95th Caplin Hastings Congress"]
[Site "Hastings"]
[Date "2020.01.03"]
[Round "7.34"]
[White "Chapman, Matt"]
[Black "Persson, Andreas"]
[Result "1-0"]
[WhiteElo "1953"]
[BlackElo "2129"]
[Annotator "NA"]
[PlyCount "89"]
[EventDate "2019.12.28"]
[EventType "swiss"]
[EventCountry "ENG"]
[SourceTitle "playchess.com"]
[Source "ChessBase"]
[SourceQuality "1"]
[TimeControl "40/6600+30:3000+30"]

1. d4 {[%emt 0:09:34]} Nf6 {[%emt 0:09:57]} 2. Nf3 {[%emt 0:00:08]} d5 {[%emt 0:00:35]} 3. Bf4 {[%emt 0:00:27]} c5 {[%emt 0:01:31]} 4. e3 {[%emt 0:00:09]} Nc6 {[%emt 0:00:49]} 5. Nbd2 {[%emt 0:00:20]} e6 {[%emt 0:05:43]} 6. c3 {[%emt 0:00:53]} cxd4 {[%emt 0:00:54]} 7. exd4 {[%emt 0:00:24]} Nh5 {[%emt 0:00:27]} 8. Be3 {[%emt 0:02:06]} Bd6 {[%emt 0:01:08]} 9. Ne5 {[%emt 0:01:09]} g6 {[%emt 0:03:02]} 10. Nd3 {[%emt 0:01:27]} O-O {[%emt 0:06:54]} 11. g3 {[%emt 0:01:28]} b6 {[%emt 0:07:31]} 12. Bg2 {[%emt 0:01:55]} Ba6 {[%emt 0:02:27]} 13. Nf3 {[%emt 0:00:25]} Ne7 {[%emt 0:06:24]} 14. O-O {[%emt 0:06:25]} Nf5 {[%emt 0:01:09]} 15. Bc1 {[%emt 0:02:07]} Nf6 {[%emt 0:02:27]} 16. Re1 {[%emt 0:02:45]} Rc8 {[%emt 0:08:03]} 17. Bf4 {[%emt 0:03:37]} Bxd3 {[%emt 0:02:04]} 18. Bxd6 {[%emt 0:01:15]} Nxd6 {[%emt 0:00:06]} 19. Qxd3 {[%emt 0:00:08]} Nc4 {[%emt 0:01:51]} 20. Re2 {[%emt 0:03:38]} Qc7 {[%emt 0:06:03]} 21. Ne5 {[%emt 0:10:50]} Nxe5 {[%emt 0:04:33]} 22. Rxe5 {[%emt 0:01:01]} Qc4 {[%emt 0:01:53]} 23. Qf3 {[%emt 0:05:37]} Kg7 {[%emt 0:06:10]} 24. Bf1 {[%emt 0:05:56]} Qa4 {[%emt 0:02:01]} 25. Bd3 {[%emt 0:02:39]} b5 {[%emt 0:02:08]} 26. a3 {[%emt 0:05:11]} Rc7 {[%emt 0:06:25]} 27. h4 {[%emt 0:01:03]} h5 {[%emt 0:01:21]} 28. Ree1 {[%emt 0:05:00]} Qa5 {[%emt 0:01:24]} 29. Qe2 {[%emt 0:01:27]} Rb8 {[%emt 0:01:37]} 30. Kg2 {[%emt 0:04:10]} Qb6 {[%emt 0:00:53]} 31. f3 {[%emt 0:03:20]} Qd6 {[%emt 0:01:59]} 32. Qe3 {[%emt 0:03:49]} a5 {[%emt 0:00:46]} 33. Kh3 {[%emt 0:02:44]} b4 {[%emt 0:02:09]} 34. axb4 {[%emt 0:01:09]} axb4 {[%emt 0:00:10]} 35. Ra6 {[%emt 0:01:14]} Rb6 {[%emt 0:01:31]} 36. Rxb6 {[%emt 0:00:57]} Qxb6 {[%emt 0:00:04]} 37. Qe5 {[%emt 0:01:07]} bxc3 {[%emt 0:01:27]} 38. g4 {[%emt 0:00:56]} c2 {[%emt 0:03:12]} 39. g5 {[%emt 0:02:45]} c1=Q {[%emt 0:01:07]} 40. Qxf6+ {[%emt 0:00:22]} Kh7 {[%emt 0:03:27]} 41. Rxc1 {[%emt 0:51:15]} Rxc1 {[%emt 0:50:18]} 42. Qxf7+ {[%emt 0:00:13]} Kh8 {[%emt 0:00:07]} 43. Qf8+ {[%emt 0:03:41]} Kh7 {[%emt 0:00:17]} 44. Bxg6+ {[%emt 0:00:23]} Kxg6 {[%emt 0:00:26]} 45. Qg8+ {[%emt 0:00:12]} 1-0

[Event "95th Caplin Hastings Congress"]
[Site "Hastings"]
[Date "2020.01.03"]
[Round "7.35"]
[White "Drastik, Penelope"]
[Black "Hutchinson, Paul A"]
[Result "0-1"]
[WhiteElo "1802"]
[BlackElo "2112"]
[Annotator "NA"]
[PlyCount "50"]
[EventDate "2019.12.28"]
[EventType "swiss"]
[EventCountry "ENG"]
[SourceTitle "playchess.com"]
[Source "ChessBase"]
[SourceQuality "1"]
[TimeControl "40/6600+30:3000+30"]

1. d4 {[%emt 0:09:31]} d5 {[%emt 0:09:34]} 2. c4 {[%emt 0:00:03]} e6 {[%emt 0:00:07]} 3. Nc3 {[%emt 0:00:02]} Nf6 {[%emt 0:00:16]} 4. Bg5 {[%emt 0:00:03]} c6 {[%emt 0:00:15]} 5. e3 {[%emt 0:00:03]} Nbd7 {[%emt 0:00:20]} 6. Nf3 {[%emt 0:00:05]} Qa5 {[%emt 0:00:20]} 7. Be2 {[%emt 0:01:02]} Ne4 {[%emt 0:00:23]} 8. O-O {[%emt 0:00:04]} Bb4 {[%emt 0:05:02]} 9. Qc2 {[%emt 0:13:22]} Bxc3 {[%emt 0:03:33]} 10. bxc3 {[%emt 0:00:06]} Qxc3 {[%emt 0:00:08]} 11. Rfc1 {[%emt 0:01:25]} Qxc2 {[%emt 0:18:09]} 12. Rxc2 {[%emt 0:00:04]} Nxg5 {[%emt 0:09:30]} 13. Nxg5 {[%emt 0:00:05]} dxc4 {[%emt 0:02:12]} 14. Bxc4 {[%emt 0:01:22]} Nb6 {[%emt 0:00:41]} 15. Bd3 {[%emt 0:00:11]} f6 {[%emt 0:04:59]} 16. Ne4 {[%emt 0:05:24]} Ke7 {[%emt 0:02:26]} 17. a4 {[%emt 0:00:23]} a5 {[%emt 0:02:18]} 18. Nd2 {[%emt 0:04:53]} Nd5 {[%emt 0:05:04]} 19. Rc5 {[%emt 0:00:12]} Bd7 {[%emt 0:03:05]} 20. Nb3 {[%emt 0:01:00]} b6 {[%emt 0:00:13]} 21. Rcc1 {[%emt 0:01:25]} Nb4 {[%emt 0:00:16]} 22. Be4 {[%emt 0:00:07]} Rab8 {[%emt 0:00:43]} 23. f4 {[%emt 0:01:32]} h6 {[%emt 0:04:35]} 24. Rf1 {[%emt 0:00:59]} f5 {[%emt 0:00:23]} 25. Bf3 {[%emt 0:00:21]} Nc2 {[%emt 0:01:01]} 0-1

[Event "95th Caplin Hastings Congress"]
[Site "Hastings"]
[Date "2020.01.03"]
[Round "7.36"]
[White "White, Stuart A"]
[Black "Garnett, John S"]
[Result "1-0"]
[WhiteElo "2106"]
[BlackElo "1865"]
[Annotator "NA"]
[PlyCount "61"]
[EventDate "2019.12.28"]
[EventType "swiss"]
[EventCountry "ENG"]
[SourceTitle "playchess.com"]
[Source "ChessBase"]
[SourceQuality "1"]
[TimeControl "40/6600+30:3000+30"]

1. d4 {[%emt 0:09:33]} Nf6 {[%emt 0:09:41]} 2. c4 {[%emt 0:00:05]} e5 {[%emt 0:00:09]} 3. dxe5 {[%emt 0:00:14]} Ng4 {[%emt 0:00:09]} 4. e3 {[%emt 0:00:06]} Nxe5 {[%emt 0:00:18]} 5. f4 {[%emt 0:00:03]} Nec6 {[%emt 0:01:18]} 6. Nc3 {[%emt 0:01:30]} Bb4 {[%emt 0:02:01]} 7. Bd2 {[%emt 0:02:12]} d6 {[%emt 0:01:00]} 8. Bd3 {[%emt 0:01:44]} Nd7 {[%emt 0:01:41]} 9. Nf3 {[%emt 0:03:17]} Nf6 {[%emt 0:01:53]} 10. Qc2 {[%emt 0:05:37]} Bxc3 {[%emt 0:03:45]} 11. Bxc3 {[%emt 0:02:28]} Qe7 {[%emt 0:01:00]} 12. O-O-O {[%emt 0:03:05]} Bd7 {[%emt 0:03:30]} 13. Kb1 {[%emt 0:02:57]} O-O-O {[%emt 0:01:15]} 14. e4 {[%emt 0:03:30]} Rhe8 {[%emt 0:02:59]} 15. Rde1 {[%emt 0:02:41]} Nh5 {[%emt 0:04:53]} 16. g3 {[%emt 0:05:16]} Qf8 {[%emt 0:03:41]} 17. Rhf1 {[%emt 0:04:24]} g6 {[%emt 0:06:27]} 18. Ka1 {[%emt 0:13:41]} Kb8 {[%emt 0:02:44]} 19. b4 {[%emt 0:03:30]} f6 {[%emt 0:05:21]} 20. b5 {[%emt 0:01:50]} Ne7 {[%emt 0:00:36]} 21. Nd4 {[%emt 0:06:27]} Ng7 {[%emt 0:03:22]} 22. Qb2 {[%emt 0:05:37]} Nc8 {[%emt 0:04:13]} 23. Nc6+ {[%emt 0:11:54]} bxc6 {[%emt 0:01:09]} 24. bxc6+ {[%emt 0:00:03]} Nb6 {[%emt 0:00:09]} 25. cxd7 {[%emt 0:00:29]} Re6 {[%emt 0:03:05]} 26. a4 {[%emt 0:04:34]} Ka8 {[%emt 0:01:38]} 27. Qb5 {[%emt 0:02:05]} Rb8 {[%emt 0:05:25]} 28. Qc6+ {[%emt 0:05:36]} Rb7 {[%emt 0:00:11]} 29. f5 {[%emt 0:00:22]} d5 {[%emt 0:03:33]} 30. d8=Q+ {[%emt 0:00:07]} Qxd8 {[%emt 0:00:46]} 31. fxe6 {[%emt 0:01:16]} 1-0